Processor details Quiz Stats

 Plays Quiz not verified by Sporcle

Also try: Astronomy: A-Z
Challenge
Share
Tweet
Embed
Score 0/10 Timer 03:00
0 Plays Today
vocab terms % Correct
makes processorsintel
96.6%
how the speed is measuredMHz
75.9%
used to cool a cpuheatsink
75.9%
allows to work at higher speeds but voids warrantiesoverclocking
72.4%
stores instructions for the processor in up to 3 levelscache
55.2%
has the x86 instruction set32 bit
51.7%
a host OS is allowed to run a guest OSvirtualization
44.8%
type of socketzif
41.4%
sign that cpu is failedPOST
41.4%
used to minmize power usethrottling
31%

You're not logged in!

Compare scores with friends on all Sporcle quizzes.
OR
Log In

You Might Also Like...

Show Comments

Extras

Top Quizzes Today


Score Distribution

Your Account Isn't Verified!

In order to create a playlist on Sporcle, you need to verify the email address you used during registration. Go to your Sporcle Settings to finish the process.

Report this User

Report this user for behavior that violates our Community Guidelines.

Details: